In quale città è successo? #2 - Statistics

Statistiche generali
  • Questo quiz è stato fatto 132 volte
  • Il punteggio medio è 13 su 20
Statistiche sulle risposte
Anno Evento Città % Corretto
64 La città viene sconvolta da un incendio: le voci dicono che sia stato il suo stesso imperatore a farlo appiccare Roma
96%
1919 Benito Mussolini fonda il Movimento dei fasci di combattimento Milano
84%
1905 Nel deserto del Nevada viene fondato questo insediamento, destinato a diventare la "capitale del peccato" Las Vegas
83%
1945-46 Alla fine della Seconda guerra mondiale, i criminali di guerra nazisti vengono qui processati davanti a un tribunale internazionale Norimberga
83%
1948 Viene assassinato il Mahatma Gandhi Nuova Delhi
83%
1453 La conquista ottomana della città segna la fine del millenario Impero bizantino Costantinopoli
82%
1929 Per la prima volta vengono assegnati i premi Oscar, che diverranno il più importante riconoscimento del mondo del cinema Los Angeles
77%
1099 Con la conquista di questa città si conclude la Prima crociata Gerusalemme
76%
1683 L'intervento della Lega Santa libera la città dal lungo assedio posto dalle armate ottomane Vienna
75%
2022 Questa città diventa la prima ad aver ospitato sia le Olimpiadi estive sia quelle invernali Pechino
73%
1756 Nasce Wolfgang Amadeus Mozart, tra i più grandi musicisti di tutti i tempi Salisburgo
65%
1972 Durante le Olimpiadi, un gruppo di terroristi palestinesi sequestra e uccide undici atleti israeliani Monaco di Baviera
64%
1812 La città viene incendiata dai suoi stessi abitanti, in fuga davanti all'avanzata dell'armata napoleonica Mosca
63%
1618 Tre delegati imperiali vengono gettati dalla finestra del castello: l'evento scatenerà la Guerra dei trent'anni Praga
59%
1492 L'esercito spagnolo entra nell'ultima roccaforte musulmana nella penisola iberica, completando dopo diversi secoli la Reconquista Granada
53%
1776 Tredici colonie inglesi in Nord America dichiarano l'indipendenza: nascono gli Stati Uniti d'America Philadelphia
42%
774 La caduta della sua capitale, in seguito all'invasione franca, pone fine al Regno longobardo in Italia Pavia
35%
1857 Viene fondato il primo club della storia del calcio Sheffield
23%
1870 L'imperatore francese Napoleone III viene sconfitto e fatto prigioniero dall'esercito prussiano Sedan
19%
331 a.C. L'esercito macedone di Alessandro Magno saccheggia e incendia questa antica capitale Persepoli
17%
Nessun quiz corrispondente trovato
Distribuzione punteggi
Percentuale di utenti per punteggio
Percentile per numero di risposta
I tuoi punteggi nel tempo
Non hai fatto questo quiz